Zahraniční obchod České republiky měsíční přehled

Gespeichert in:
Bibliographische Detailangaben
Format: Schriftenreihe
Sprache:Tschechisch
Veröffentlicht: Praha Česká agentura na podporu obchodu / Czech Made 2001
Tags: Tag hinzufügen
Keine Tags, Fügen Sie das erste Tag hinzu!

MARC

LEADER 00000nas2a2200000 4500
001 0007579
005 20230316092322.3
041 0 |a cze 
044 |a CZ 
245 1 0 |a Zahraniční obchod České republiky  |b měsíční přehled 
264 1 |a Praha  |b Česká agentura na podporu obchodu / Czech Made  |c 2001 
300 |a 1 zv. 
500 |a chýba č. 8, 9, 10, 11 
773 0 |w eu_un_cat*s121262